TOP 15 MIDDLEWEIGHT UFC - Statistiques

Statistiques générales
  • Ce quiz a été pris 682 fois
  • Le résultat moyen est 7 sur 15
Statistiques - réponses
Hint Réponse % Correct
1 ADESANYA
95%
CHAMP PEREIRA
95%
7 STRICKLAND
69%
2 WHITTAKER
63%
12 IMAVOV
55%
10 DU PLESSIS
50%
4 VETTORI
49%
3 CANNONIER
47%
6 COSTA
46%
13 GASTELUM
25%
14 CURTIS
23%
8 DOLIDZE
23%
5 BRUNSON
13%
9 HERMANSSON
12%
11 MUNIZ
5%
Aucun quiz correspondant
Distribution des résultats
% des personnes avec chaque résultat
Percentile par nombre de réponses
Votre historique - résultats
Vous n’avez pas pris ce quiz